000 00313nam a2200145 a 4500
001 2043
005 20140414131938.0
008 040110s19uu xx 00 eng d
020 _a0-7214-7922-7
050 _aER
_bT69
245 _aToy story 2.
260 _bLadybird.
300 _ap. ; cm.
999 _c112499
_d112499